Namesakes for every month - Statistics

General Stats
  • This quiz has been taken 7 times
  • The average score is 8 of 12
Answer Stats
Hint Answer % Correct
January Janus
100%
July Julius Caesar
100%
October Eight
86%
November Nine
86%
September Seven
86%
December Ten
86%
August Augustus Caesar
57%
June Juno
57%
March Mars
57%
February Februa
43%
April Aphrilis
0%
May Maia
0%
No matching quizzes found
Score Distribution
Percent of People with Each Score
Percentile by Number Answered
Your Score History
You have not taken this quiz